{"text_format":"3","workbook":"xlsx","n_sheets":1,"sheets":["t82"],"read":"whole","date_system":"1900"}

{"sheet":"t82","index":0,"n_rows":138,"n_cols":7,"rows_kept":138,"merged":[[0,0,0,6],[28,0,28,5],[40,0,40,5],[129,0,129,5]]}
["TABELA 82.1 - Estatísticas Agrícolas, Município de Borá, Estado de São Paulo, 2016/17."]
["ITEM","UNIDADE","N.DE UPAs","MÍNIMO","MÉDIO","MÁXIMO","TOTAL"]
["Distância à sede do município","km",83,0.1,{"v":7.34,"d":"7.3"},{"v":28,"d":"28.0"},"-"]
["Área total","hectare",83,1.8,{"v":154.52,"d":"154.5"},{"v":2178,"d":"2,178.0"},{"v":12825,"d":"12,825.0"}]
["Área com cultura perene","hectare","-","-","-","-",{"v":0,"d":"0.0"}]
["Área com cultura temporária","hectare",36,{"v":1,"d":"1.0"},{"v":152.65,"d":"152.7"},{"v":1168.7,"d":"1,168.7"},{"v":5495.5,"d":"5,495.5"}]
["Área com pastagem","hectare",60,1.5,{"v":87.52,"d":"87.5"},{"v":680,"d":"680.0"},{"v":5250.9,"d":"5,250.9"}]
["Área com reflorestamento","hectare",3,0.3,{"v":1.23,"d":"1.2"},2.4,3.7]
["Área com vegetação natural","hectare",66,0.1,{"v":9.17,"d":"9.2"},136.3,605.5]
["Área com vegetação de brejo e várzea","hectare",26,0.5,{"v":3.53,"d":"3.5"},9.7,91.7]
["Área em descanso","hectare",8,4.8,{"v":148.78,"d":"148.8"},{"v":1000.3,"d":"1,000.3"},{"v":1190.2,"d":"1,190.2"}]
["Área complementar","hectare",61,0.1,{"v":3.07,"d":"3.1"},{"v":48,"d":"48.0"},187.5]
["Área das UPAs com (0, 1] ha","hectare","-","-","-","-","-"]
["Área das UPAs com (1, 2] ha","hectare",1,1.8,1.8,1.8,1.8]
["Área das UPAs com (2, 5] ha","hectare",6,2.4,3.7,4.8,22.2]
["Área das UPAs com (5, 10] ha","hectare",2,6.7,8.2,9.7,16.4]
["Área das UPAs com (10, 20] ha","hectare",7,12.1,{"v":16.11,"d":"16.1"},19.7,112.8]
["Área das UPAs com (20, 50] ha","hectare",17,21.7,{"v":32.76,"d":"32.8"},48.5,{"v":557,"d":"557.0"}]
["Área das UPAs com (50, 100] ha","hectare",11,52.4,{"v":71.76,"d":"71.8"},96.8,789.4]
["Área das UPAs com (100, 200] ha","hectare",24,100.4,{"v":142.25,"d":"142.3"},193.6,{"v":3414.1,"d":"3,414.1"}]
["Área das UPAs com (200, 500] ha","hectare",10,210.5,{"v":295.22,"d":"295.2"},421.6,{"v":2952.2,"d":"2,952.2"}]
["Área das UPAs com (500, 1.000] ha","hectare",4,592.9,{"v":695.28,"d":"695.3"},822.8,{"v":2781.1,"d":"2,781.1"}]
["Área das UPAs com (1.000, 2.000] ha","hectare","-","-","-","-","-"]
["Área das UPAs com (2.000, 5.000] ha","hectare",1,{"v":2178,"d":"2,178.0"},{"v":2178,"d":"2,178.0"},{"v":2178,"d":"2,178.0"},{"v":2178,"d":"2,178.0"}]
["Área das UPAs com (5.000, 10.000] ha","hectare","-","-","-","-","-"]
["Área das UPAs acima de 10.000 ha","hectare","-","-","-","-","-"]
["Fonte: Secretaria de Agricultura e Abastecimento, CDRS/IEA, Projeto LUPA."]
[]
["TABELA 82.2 - Explorações Animais, Município de Borá, Estado de São Paulo, 2016/17."]
["ITEM","UNIDADE","N.DE UPAs","MÍNIMO","MÉDIO","MÁXIMO","TOTAL"]
["Apicultura","colmeias",1,{"v":1,"d":"1.0"},{"v":1,"d":"1.0"},{"v":1,"d":"1.0"},{"v":1,"d":"1.0"}]
["Asininos e muares","cabecas",5,{"v":1,"d":"1.0"},3.4,{"v":8,"d":"8.0"},{"v":17,"d":"17.0"}]
["Bovinocultura de corte","cabecas",32,{"v":10,"d":"10.0"},{"v":195.19,"d":"195.2"},{"v":952,"d":"952.0"},{"v":6246,"d":"6,246.0"}]
["Bovinocultura leiteira","cabecas",3,{"v":70,"d":"70.0"},{"v":84,"d":"84.0"},{"v":100,"d":"100.0"},{"v":252,"d":"252.0"}]
["Bovinocultura mista","cabecas",21,{"v":5,"d":"5.0"},{"v":28.05,"d":"28.1"},{"v":112,"d":"112.0"},{"v":589,"d":"589.0"}]
["Equinocultura","cabecas",39,{"v":1,"d":"1.0"},{"v":4.38,"d":"4.4"},{"v":20,"d":"20.0"},{"v":171,"d":"171.0"}]
["Ovinocultura","cabecas",2,{"v":50,"d":"50.0"},57.5,{"v":65,"d":"65.0"},{"v":115,"d":"115.0"}]
["Suinocultura","cabecas",3,{"v":5,"d":"5.0"},{"v":10.67,"d":"10.7"},{"v":15,"d":"15.0"},{"v":32,"d":"32.0"}]
["Fonte: Secretaria de Agricultura e Abastecimento, CDRS/IEA, Projeto LUPA."]
[]
["TABELA 82.3 -  Máquinas, Implementos e Benfeitorias, Município de Borá, Estado de São Paulo, 2016/17."]
["ITEM","UNIDADE","N.DE UPAs","MÍNIMO","MÉDIO","MÁXIMO","TOTAL"]
["Arado comum (bacia, aiveca)","unidade",5,{"v":1,"d":"1.0"},1.4,{"v":2,"d":"2.0"},{"v":7,"d":"7.0"}]
["Arado escarificador","unidade",3,{"v":1,"d":"1.0"},{"v":1.33,"d":"1.3"},{"v":2,"d":"2.0"},{"v":4,"d":"4.0"}]
["Arado subsolador","unidade",2,{"v":1,"d":"1.0"},{"v":1,"d":"1.0"},{"v":1,"d":"1.0"},{"v":2,"d":"2.0"}]
["Colhedeira acoplada","unidade",1,{"v":1,"d":"1.0"},{"v":1,"d":"1.0"},{"v":1,"d":"1.0"},{"v":1,"d":"1.0"}]
["Conjunto de fenacao","unidade",1,{"v":1,"d":"1.0"},{"v":1,"d":"1.0"},{"v":1,"d":"1.0"},{"v":1,"d":"1.0"}]
["Desintegrador, picador, triturador","unidade",10,{"v":1,"d":"1.0"},{"v":1,"d":"1.0"},{"v":1,"d":"1.0"},{"v":10,"d":"10.0"}]
["Distribuidor de calcario","unidade",5,{"v":1,"d":"1.0"},1.4,{"v":3,"d":"3.0"},{"v":7,"d":"7.0"}]
["Ensiladeira","unidade",3,{"v":1,"d":"1.0"},{"v":1,"d":"1.0"},{"v":1,"d":"1.0"},{"v":3,"d":"3.0"}]
["Grade aradora (tipo romi)","unidade",9,{"v":1,"d":"1.0"},{"v":1.11,"d":"1.1"},{"v":2,"d":"2.0"},{"v":10,"d":"10.0"}]
["Grade niveladora","unidade",7,{"v":1,"d":"1.0"},{"v":1.29,"d":"1.3"},{"v":2,"d":"2.0"},{"v":9,"d":"9.0"}]
["Misturador de racao","unidade",2,{"v":1,"d":"1.0"},{"v":1,"d":"1.0"},{"v":1,"d":"1.0"},{"v":2,"d":"2.0"}]
["Ordenhadeira mecanica","unidade",5,{"v":1,"d":"1.0"},{"v":1,"d":"1.0"},{"v":1,"d":"1.0"},{"v":5,"d":"5.0"}]
["Pulverizador tratorizado","unidade",5,{"v":1,"d":"1.0"},1.4,{"v":2,"d":"2.0"},{"v":7,"d":"7.0"}]
["Resfriador de leite, tanque expansao","unidade",4,{"v":1,"d":"1.0"},{"v":1,"d":"1.0"},{"v":1,"d":"1.0"},{"v":4,"d":"4.0"}]
["Semeadeira/adubadeira para plantio convencional","unidade",2,{"v":1,"d":"1.0"},1.5,{"v":2,"d":"2.0"},{"v":3,"d":"3.0"}]
["Semeadeira/plantadeira plantio direto","unidade",2,{"v":1,"d":"1.0"},{"v":1,"d":"1.0"},{"v":1,"d":"1.0"},{"v":2,"d":"2.0"}]
["Terraceador","unidade",1,{"v":1,"d":"1.0"},{"v":1,"d":"1.0"},{"v":1,"d":"1.0"},{"v":1,"d":"1.0"}]
["Trator de pneus  acima de 85 cv","unidade",6,{"v":1,"d":"1.0"},{"v":1.17,"d":"1.2"},{"v":2,"d":"2.0"},{"v":7,"d":"7.0"}]
["Trator de pneus de 66 cv a 85 cv","unidade",14,{"v":1,"d":"1.0"},{"v":1.14,"d":"1.1"},{"v":2,"d":"2.0"},{"v":16,"d":"16.0"}]
["Acude/represa","unidade",15,{"v":1,"d":"1.0"},{"v":1.53,"d":"1.5"},{"v":3,"d":"3.0"},{"v":23,"d":"23.0"}]
["Almoxarifado/oficina","unidade",3,{"v":1,"d":"1.0"},{"v":1.67,"d":"1.7"},{"v":2,"d":"2.0"},{"v":5,"d":"5.0"}]
["Armazem para graos ensacados","sacas",4]
["Balanca para bovinos","unidade",3,{"v":1,"d":"1.0"},{"v":1,"d":"1.0"},{"v":1,"d":"1.0"},{"v":3,"d":"3.0"}]
["Barracao/galpao/garagem","unidade",14,{"v":1,"d":"1.0"},{"v":1.64,"d":"1.6"},{"v":5,"d":"5.0"},{"v":23,"d":"23.0"}]
["Casa de moradia habitada","unidade",35,{"v":1,"d":"1.0"},1.4,{"v":3,"d":"3.0"},{"v":49,"d":"49.0"}]
["Casa de moradia total","unidade",58,{"v":1,"d":"1.0"},{"v":2.14,"d":"2.1"},{"v":18,"d":"18.0"},{"v":124,"d":"124.0"}]
["Curral/mangueira","unidade",57,{"v":1,"d":"1.0"},{"v":1.07,"d":"1.1"},{"v":2,"d":"2.0"},{"v":61,"d":"61.0"}]
["Deposito/tulha","unidade",33,{"v":1,"d":"1.0"},{"v":1.24,"d":"1.2"},{"v":6,"d":"6.0"},{"v":41,"d":"41.0"}]
["Estabulo","unidade",3,{"v":1,"d":"1.0"},{"v":1,"d":"1.0"},{"v":1,"d":"1.0"},{"v":3,"d":"3.0"}]
["Fabrica de racao","unidade",1,{"v":1,"d":"1.0"},{"v":1,"d":"1.0"},{"v":1,"d":"1.0"},{"v":1,"d":"1.0"}]
["Pocilga","unidade",3,{"v":1,"d":"1.0"},{"v":1,"d":"1.0"},{"v":1,"d":"1.0"},{"v":3,"d":"3.0"}]
["Poco semi-artesiano","unidade",7,{"v":1,"d":"1.0"},{"v":1.14,"d":"1.1"},{"v":2,"d":"2.0"},{"v":8,"d":"8.0"}]
["Usina de acucar/destilaria","unidade",1,{"v":1,"d":"1.0"},{"v":1,"d":"1.0"},{"v":1,"d":"1.0"},{"v":1,"d":"1.0"}]
["Fonte: Secretaria de Agricultura e Abastecimento, CDRS/IEA, Projeto LUPA."]
[]
["TABELA 82.4 - Outras Estatísticas Agrícolas, Município de Borá, Estado de São Paulo, 2016/17."]
["ITEM","Número de UPAs",null,"Percentual"]
["Faz Parte de Associação de Produtores",6,null,{"v":7.228915662650603,"d":"7.2"}]
["Faz Parte de Cooperativa de Produtores",39,null,{"v":46.98795180722891,"d":"47.0"}]
["Faz Parte do Sindicato de Produtores",12,null,{"v":14.457831325301205,"d":"14.5"}]
["Não utiliza assistência técnica ",42,null,{"v":50.602409638554214,"d":"50.6"}]
["Utiliza somente assistência técnica governamental ",10,null,{"v":12.048192771084338,"d":"12.0"}]
["Utiliza somente assistência técnica privada ",22,null,{"v":26.50602409638554,"d":"26.5"}]
["Utiliza assistência técnica tanto governamental quanto privada",9,null,{"v":10.843373493975903,"d":"10.8"}]
["Utiliza Crédito Rural",12,null,{"v":14.457831325301205,"d":"14.5"}]
["Utiliza Seguro Rural",5,null,{"v":6.024096385542169,"d":"6.0"}]
["Utiliza Escrituração Agrícola",26,null,{"v":31.32530120481928,"d":"31.3"}]
["Acessa Internet p/ Fins na Agropecuária",15,null,{"v":18.072289156626503,"d":"18.1"}]
["Utiliza Computador nas Atividades Agropecuárias",18,null,{"v":21.686746987951807,"d":"21.7"}]
["Utiliza Energia Elétrica Para Uso na Atividade Agrícola",70,null,{"v":84.33734939759036,"d":"84.3"}]
["Utiliza Energia Alternativa","-",null,"-"]
["Realiza Análise de Solo, quando necessário",47,null,{"v":56.62650602409638,"d":"56.6"}]
["Realiza Calagem",34,null,{"v":40.963855421686745,"d":"41.0"}]
["Utiliza Práticas de Conservação de Solo, quando necessário",72,null,{"v":86.74698795180721,"d":"86.7"}]
["Faz Adubação Mineral, quando necessário",53,null,{"v":63.855421686746986,"d":"63.9"}]
["Faz Adubação Orgânica, quando necessário",40,null,{"v":48.19277108433735,"d":"48.2"}]
["Faz Adubação Verde, quando necessário",7,null,{"v":8.433734939759036,"d":"8.4"}]
["Utiliza Manejo Integrado de Pragas (MIP)","-",null,"-"]
["Utiliza Hidroponia","-",null,"-"]
["Utiliza Cultivo em Estufa","-",null,"-"]
["Utiliza Mudas Fiscalizadas",28,null,{"v":33.734939759036145,"d":"33.7"}]
["Utiliza Semente Melhorada",4,null,{"v":4.819277108433735,"d":"4.8"}]
["Faz Confinamento de Bovinos",1,null,{"v":1.2048192771084338,"d":"1.2"}]
["Utiliza Pastejo Intensivo",11,null,{"v":13.253012048192772,"d":"13.3"}]
["Faz Inseminação Artificial",1,null,{"v":1.2048192771084338,"d":"1.2"}]
["Faz Mineralização do Rebanho",54,null,{"v":65.06024096385542,"d":"65.1"}]
["Faz Vermifugação do Rebanho",54,null,{"v":65.06024096385542,"d":"65.1"}]
["Possui Parceiros /Arrendatários na Exploração Animal",32,null,{"v":38.554216867469876,"d":"38.6"}]
["Existência de trabalhadores c/ deficiência na UPA","-",null,"-"]
["Esporte e lazer","-",null,"-"]
["Extração mineral","-",null,"-"]
["Hotel Fazenda, Pousada ou SPA","-",null,"-"]
["Pesque-pague","-",null,"-"]
["Restaurante ou Lanchonete","-",null,"-"]
["Transformação artesanal","-",null,"-"]
["Turismo rural ou ecoturismo","-",null,"-"]
["Outras atividades econômicas rurais","-",null,"-"]
["Agroindústria",1,null,{"v":1.2048192771084338,"d":"1.2"}]
["Proprietário sem instrução ou com instrução incompleta",8,null,{"v":9.638554216867469,"d":"9.6"}]
["Proprietário com antigo primário completo",33,null,{"v":39.75903614457831,"d":"39.8"}]
["Proprietário com 1° grau (ou antigo ginasial) completo",9,null,{"v":10.843373493975903,"d":"10.8"}]
["Proprietário com 2° grau (ou antigo colegial) completo",13,null,{"v":15.66265060240964,"d":"15.7"}]
["Proprietário com curso superior completo ",18,null,{"v":21.686746987951807,"d":"21.7"}]
["Pessoa Jurídica",2,null,{"v":2.4096385542168677,"d":"2.4"}]
["Proprietário residente na própria UPA ",7,null,{"v":8.433734939759036,"d":"8.4"}]
["Fonte: Secretaria de Agricultura e Abastecimento, CDRS/IEA, Projeto LUPA."]
[]
["TABELA 82.5 - Área Cultivada, Município de Borá, Estado de São Paulo, 2016/17."]
["CULTURA","N.DE UPAs","MÍNIMO","MÉDIO","MÁXIMO","TOTAL"]
["Braquiaria",59,1.5,{"v":88.54,"d":"88.5"},{"v":680,"d":"680.0"},{"v":5223.9,"d":"5,223.9"}]
["Cana-de-acucar finalidade industria",32,{"v":1,"d":"1.0"},{"v":161.98,"d":"162.0"},{"v":1168.7,"d":"1,168.7"},{"v":5183.4,"d":"5,183.4"}]
["Mandioca",3,7.2,{"v":71.77,"d":"71.8"},108.9,215.3]
["Amendoim",1,96.8,96.8,96.8,96.8]
["Gramas",1,{"v":27,"d":"27.0"},{"v":27,"d":"27.0"},{"v":27,"d":"27.0"},{"v":27,"d":"27.0"}]
["Eucalipto",3,0.3,{"v":1.23,"d":"1.2"},2.4,3.7]
["Fonte: Secretaria de Agricultura e Abastecimento, CDRS/IEA, Projeto LUPA."]